Globalised economy and banking sector (Record no. 221882)
[ view plain ]
| 000 -LEADER | |
|---|---|
| fixed length control field | 00873nam a22002057a 4500 |
| 005 - DATE AND TIME OF LATEST TRANSACTION | |
| control field | 20220315104715.0 |
| 008 - FIXED-LENGTH DATA ELEMENTS--GENERAL INFORMATION | |
| fixed length control field | 220315b ||||| |||| 00| 0 eng d |
| 020 ## - INTERNATIONAL STANDARD BOOK NUMBER | |
| International Standard Book Number | 978935269*2736 |
| 040 ## - CATALOGING SOURCE | |
| Transcribing agency | AL |
| 041 ## - LANGUAGE CODE | |
| Language code of text/sound track or separate title | eng |
| 082 ## - DEWEY DECIMAL CLASSIFICATION NUMBER | |
| Edition number | 23 |
| Classification number | 332 |
| Item number | AROG |
| 100 ## - MAIN ENTRY--PERSONAL NAME | |
| Personal name | Neha Arora |
| 9 (RLIN) | 23694 |
| 245 ## - TITLE STATEMENT | |
| Title | Globalised economy and banking sector |
| 260 ## - PUBLICATION, DISTRIBUTION, ETC. | |
| Place of publication, distribution, etc. | New Delhi |
| Name of publisher, distributor, etc. | Random Publications |
| Date of publication, distribution, etc. | 2019 |
| 300 ## - PHYSICAL DESCRIPTION | |
| Extent | viii,298p. |
| Other physical details | HB |
| Dimensions | 23.5x15.5cm. |
| 365 ## - TRADE PRICE | |
| Source of price type code | General |
| Price type code | ABDI/0566/22 |
| Price amount | ₹1462.50 |
| Currency code | ₹ |
| Unit of pricing | ₹1950.00 |
| Price note | 25% |
| Price effective from | 7-3-2022 |
| 520 ## - SUMMARY, ETC. | |
| Summary, etc. | Global economic system; monetary theory in economy; international monetary systems; banking sector; customer relationship management in banking sector; the marketing mix in banking sector; the role of the banking system in the economy; theories of multinational banking; foreign exchange management. |
| 650 ## - SUBJECT ADDED ENTRY--TOPICAL TERM | |
| Source of heading or term | Economics |
| 942 ## - ADDED ENTRY ELEMENTS (KOHA) | |
| Source of classification or shelving scheme | Dewey Decimal Classification |
| Koha item type | Book |
No items available.